Basic concepts and accounting principles underlying financial statements of business enterprises.

Bibliographic Details
Corporate Author: American Institute of Certified Public Acountants. Accounting Principles Board
Format: Book
Language:English
Published: New York, [publisher not identified] ; 1970.
Series:Statement of the Accounting Principles Board ; no. 4.
Subjects:

MARC

Tag First Indicator Second Indicator Subfields
LEADER 00000cam a2200000 4500
001 in00000046978
005 20151007065350.0
008 720717s1970 nyu 00000 eng d
035 |a (OCoLC)00358124 
035 |9 AAE1846AM 
040 |c YNG  |d OCL  |d TXA  |d UtOrBLW 
049 |a TXAM  |c 1 [928761], 2 [1115245] 
090 |a HF5681.B2  |b A5 
110 2 |a American Institute of Certified Public Acountants.  |b Accounting Principles Board. 
245 1 0 |a Basic concepts and accounting principles underlying financial statements of business enterprises. 
264 1 |a New York,  |b [publisher not identified] ;  |c 1970. 
300 |a 122 pages ;  |c 23 cm. 
336 |a text  |b txt  |2 rdacontent 
337 |a unmediated  |b n  |2 rdamedia 
338 |a volume  |b nc  |2 rdacarrier 
490 1 |a American Institute of Certified Public Acountants. Accounting Principles Board. Statement of the Accounting Principles Board,  |v no. 4 
650 0 |a Financial statements. 
830 0 |a Statement of the Accounting Principles Board ;  |v no. 4. 
999 |a MARS 
999 f f |s ecb0b4c0-8d1b-311d-b83b-16ef2c402554  |i fb26ad4f-150f-3e9d-a9bf-046dada3daf8  |t 0 
952 f f |p ric  |a Texas A&M University  |b Rellis Campus  |c Joint Library Facility  |s JLF  |d Remote Storage  |t 0  |e HF5681.B2 A5  |h Library of Congress classification  |i unmediated -- volume  |m A14802840584 
998 f f |a HF5681.B2 A5  |t 0  |l Remote Storage